<?xml version="1.0" encoding="UTF-8"?><?xml-stylesheet type="text/xsl" href="static/style.xsl"?><OAI-PMH xmlns="http://www.openarchives.org/OAI/2.0/" xmlns:xsi="http://www.w3.org/2001/XMLSchema-instance" xsi:schemaLocation="http://www.openarchives.org/OAI/2.0/ http://www.openarchives.org/OAI/2.0/OAI-PMH.xsd"><responseDate>2026-04-17T03:13:21Z</responseDate><request verb="GetRecord" identifier="oai:www.recercat.cat:2072/422490" metadataPrefix="marc">https://recercat.cat/oai/request</request><GetRecord><record><header><identifier>oai:recercat.cat:2072/422490</identifier><datestamp>2025-04-13T20:11:58Z</datestamp><setSpec>com_2072_98</setSpec><setSpec>col_2072_378196</setSpec></header><metadata><record xmlns="http://www.loc.gov/MARC21/slim" xmlns:dcterms="http://purl.org/dc/terms/" xmlns:xsi="http://www.w3.org/2001/XMLSchema-instance" xmlns:doc="http://www.lyncode.com/xoai" xsi:schemaLocation="http://www.loc.gov/MARC21/slim http://www.loc.gov/standards/marcxml/schema/MARC21slim.xsd">
   <leader>00925njm 22002777a 4500</leader>
   <datafield ind2=" " ind1=" " tag="042">
      <subfield code="a">dc</subfield>
   </datafield>
   <datafield ind2=" " ind1=" " tag="720">
      <subfield code="a">Barreto Torres, Juan Pablo</subfield>
      <subfield code="e">author</subfield>
   </datafield>
   <datafield ind2=" " ind1=" " tag="720">
      <subfield code="a">Universitat Autònoma de Barcelona. Departament de Geografia</subfield>
      <subfield code="e">author</subfield>
   </datafield>
   <datafield ind2=" " ind1=" " tag="720">
      <subfield code="a">Universitat Autònoma de Barcelona. Facultat de Filosofia i Lletres</subfield>
      <subfield code="e">author</subfield>
   </datafield>
   <datafield ind2=" " ind1=" " tag="260">
      <subfield code="c">2019</subfield>
   </datafield>
   <datafield ind2=" " ind1=" " tag="520">
      <subfield code="a">El presente documento describe las diferentes partes que componen el proyecto final Envirocat, liderado académicamente por la Universidad Autónoma de Barcelona, en conjunto con el Instituto Cartográfico y Geológico de Catalunya y que tiene como principal cliente objetivo al Museu de Ciències Naturals de Barcelona, en el programa de Master en Goeinformación, 2a Edición. El proyecto plantea como principal objetivo desarrollar y/o adaptar un complemento en lenguaje Python el cual le preste el servicio a la organización cliente de mantener en una herramienta-complemento, todas las capas en diferentes formatos que tiene propuestas en sus bases de datos para cualquier actividad que se requiera, puesto que, en la actualidad se tienen organizadas en forma de SIG independiente para cada proyecto. Además, para utilizarlas se deben repetir algunos pasos, como localización y cambios de proyección, que en momentos se tornan algo complejos. Como punto final, se plantea realizar un manual de usuario en el cual se le muestre, todos y cada uno de los pasos que deben seguirse para poder alimentar el repositorio y posterior a eso visualizar la información en el entorno de QGIS.</subfield>
   </datafield>
   <datafield tag="653" ind2=" " ind1=" ">
      <subfield code="a">Cartografia digital</subfield>
   </datafield>
   <datafield tag="653" ind2=" " ind1=" ">
      <subfield code="a">Geolocalització, Serveis de</subfield>
   </datafield>
   <datafield tag="653" ind2=" " ind1=" ">
      <subfield code="a">Programari d'aplicació -- Desenvolupament</subfield>
   </datafield>
   <datafield tag="653" ind2=" " ind1=" ">
      <subfield code="a">Python (Llenguatge de programació)</subfield>
   </datafield>
   <datafield tag="653" ind2=" " ind1=" ">
      <subfield code="a">Visualització (Informàtica) -- Processament de dades</subfield>
   </datafield>
   <datafield tag="653" ind2=" " ind1=" ">
      <subfield code="a">Museu de Ciències Naturals (Barcelona, Catalunya)</subfield>
   </datafield>
   <datafield tag="653" ind2=" " ind1=" ">
      <subfield code="a">Sistemes d'Informació geogràfica -- Processament de dades</subfield>
   </datafield>
   <datafield ind2="0" ind1="0" tag="245">
      <subfield code="a">Envirocat</subfield>
   </datafield>
</record></metadata></record></GetRecord></OAI-PMH>